Województwa historycznego Mazowsza - Statystyki

Ogólne statystyki
  • Ten quiz został rozwiązany 25 razy
  • Średni wynik to 6 z 6
Statystyki odpowiedzi
Województwo % % Poprawnych
kujawsko-pomorskie 0.09%
100%
łódzkie 17.4%
100%
mazowieckie 73.8%
100%
podlaskie 19.5%
100%
warmińsko-mazurskie 0.7%
100%
lubelskie 0.6%
95%
Nie znaleziono quizów pasujących do podanych kryteriów
Rozkład punktacji
Procent ludzi z każdym wynikiem
Percentyl według liczby udzielonych odpowiedzi
Twoja historia wyników
Nie rozwiązałeś tego quizu